000 00721cab a2200217 4500
001 WB3115-09
008 090401t1995 xxu||||| |||| 00| 0 eng d
035 _a(Sirsi) u51764
041 _aeng
245 _aNew insulation guarantee scheme
260 _c1995
350 _a0
490 _aDoE News Release
_v(168) 5 April 1995 (2)
520 _aA Cavity Insulation Guarantee Scheme, designed to boost consumer confidence in cavity wall insulation, has been launched by the Minister for Energy Efficiency.
650 _aCAVITY INSULATION GUARANTEE SCHEME
650 _aCAVITY WALL INSULATION
650 _aGRANTS
690 _aBUILDING AND CONSTRUCTION-ENERGY CONSERVATION
942 _n0
948 _c04/03/1997
999 _c32121
_d32121